000 00967nam a2200241Ii 4500
003 JO-AjNU
008 230605s9999||||xx |||||||||||||| ||und||
017 _a2009/7474
020 _a978-99901-38-29-0
040 _aJO-AjNU
_bara
_erda
_cJO-AjNU
041 _aara
050 1 4 _aHQ2037 .Z83 2010
100 3 _aالزعبي، طلال عبد الله، م.مشارك موسى محمد الكردي، م.مشارك هاني حتمل عبيدات,
_eauthor
_953155
245 0 0 _aمهارات الحياة
250 _aط1
264 3 1 _aالبحرين: مؤسسة فخراوي للدراسات والنشر، 2010
300 _a327ص
_bيحتوي على ببلوغرافية من 313-327ص
336 _atext
_btxt
_2rdacontent
337 _aunmediated
_bn
_2rdamedia
338 _avolume
_bnc
_2rdacarrier
490 0 _aسلسلة الكتب الادارية ؛1
650 4 _aالعلاقات الاجتماعية - المهارات الاجتماعية
_953156
999 _aA23590
_c27158
_d27158